Statistics for Biggest Cities in Countries Starting with 'P'

Click here to take the quiz!

General Stats

  • This quiz has been taken 75 times
  • The average score is 11 of 15

Answer Stats

PopulationCountryCity% Correct
10,100,000PeruLima
100%
25,700,000PhilippinesManila
100%
2,375,000PolandWarsaw
100%
3,450,000PakistanRawalpindi-Islamabad
98%
17,800,000PakistanKarachi
97%
13,000,000PakistanLahore
97%
2,475,000PortugalLisbon
97%
2,350,000ParaguayAsuncion
95%
2,725,000PhilippinesCebu
67%
2,350,000PolandKatowice
59%
3,650,000PakistanFaisalabad
57%
2,275,000PakistanHyderabad
57%
2,350,000PakistanPeshawar
37%
2,775,000PakistanGujranwala
27%
2,100,000PakistanMultan
24%

Score Distribution

Percentile by Number Answered

Percent of People with Each Score

Your Score History

You have not taken this quiz